Vysoké Tatry Vysoká 2565 m n. m

Podrobná bibliografia
Médium: Pohľadnica
Jazyk:slovenčina
Fyzický popis:1 pohľadnica čiernobiela 11 x 15 cm
Vydavateľské údaje: [Bratislava] Tatran [medzi 1945 a 1949]
Predmet:

MARC

LEADER 00000nkm a2200000 a 4500
001 vtls011561032
003 SK-MaSNL
005 20260512125230.0
007 kp bo
008 231214q1945 xo g kuslo
015 |a SNBG 
035 |a urn:nbn:sk:snk-km00bkmo 
035 |a urn:nbn:sk:snk-km3ln6w 
035 |a 4E9A8963-2F19-4946-B686-6AB71ACE4C2B 
040 |a SNK  |b slo  |c SNK  |e AACR2 
041 0 |a slo 
043 |a e-xo--- 
044 |a xo  |c SK 
080 |a 908(437.6)  |2 2011 
080 |a (234.374.4)  |2 2011 
080 |a (084.121)  |2 2011 
245 0 0 |a Vysoké Tatry  |h grafika  |b Vysoká 2565 m n. m 
260 |a [Bratislava]  |b Tatran  |c [medzi 1945 a 1949] 
300 |a 1 pohľadnica  |b čiernobiela  |c 11 x 15 cm 
651 7 |a Vysoké Tatry (Poľsko a Slovensko : pohorie)  |2 SNKPHgeo  |9 67729 
651 7 |a Vysoká (Vysoké Tatry, Slovensko : vrch)  |2 SNKPH  |9 160560 
655 7 |a miestne pohľadnice  |2 SNKPH  |9 70510 
852 |a Slovenská národná knižnica 
958 |a GC 
958 |a OND 
958 |a GBN 
999 |c 1024170  |d 1026100 
952 |a SNK  |b SNK  |y PREZ  |7 0  |p 17A1194358  |o snkSP 22949  |0 0  |1 0  |4 0  |d 2016-06-17  |f 1  |l 0  |r 2026-02-24 13:34:07  |w 2026-02-24